| 000 | 00546 a2200181 4500 | ||
|---|---|---|---|
| 999 |
_c4548 _d4548 |
||
| 010 | _aENG-86432 | ||
| 020 |
_a8181574761 _c100.00 |
||
| 035 | _aEN-69965 | ||
| 037 | _bDBAD / PUB | ||
| 082 | 1 | 4 | _a881 |
| 100 | 1 | _aMerchant, Hoshang | |
| 245 | 1 |
_aBombay my Bombay : _cby Hoshang Merchant _b1955-2005 / |
|
| 260 |
_aKolkata _bWriters Workshop _c2006 |
||
| 270 |
_a162/42, Lake Gardens, _bCalcutta _cWest Bengal _e700 045 |
||
| 300 |
_a40p. _c22cm (Hb) |
||
| 490 | _aWriters workshop redbird book | ||
| 942 |
_adpl _cEN _2ddc _h881 _mMER |
||